000
00291nam a2200121Ia 4500
005
20251222144730.0
008
251222s9999||||xx |||||||||||||| ||spa||
082
_a
378.178.5/D88
100
_a
DomÃnguez Granda, Julio B.
245
0
_a
Modelo Didáctico:
264
_b
Uladech
942
_c
LIB
999
_c
18537
_d
18537